| 000 | 00488nam a2200193 a 4500 | ||
|---|---|---|---|
| 001 | 19350 | ||
| 003 | CO-ViMGA | ||
| 008 | 141112s2004 ck r 000 u spa d | ||
| 020 | _a847510035x | ||
| 040 |
_aCO-ViMGA _bspa _cCO-ViMGA |
||
| 082 | _aGOSy | ||
| 100 | 1 |
_aGoscinny, _93255 |
|
| 245 | 1 | 0 | _aY los godos |
| 260 |
_aBarcelona : _bGrijalbo / Dargaud : _b1996 |
||
| 300 | _a48 p. | ||
| 490 | _aUna aventura de Asterix | ||
| 650 | 1 | 4 | _aCUENTOS INFANTILES DE AVENTURAS |
| 942 |
_2ddc _cBK |
||
| 999 |
_c10886 _d10886 |
||